Museo del Prado
Gardado en:
| Autor Principal: | |
|---|---|
| Formato: | Libro |
| Idioma: | Lingua castelá |
| Publicado: |
Vitoria-Gasteiz
Océano-Danae
1980
|
| Subjects: | |
| Tags: |
Engadir etiqueta
Sen Etiquetas, Sexa o primeiro en etiquetar este rexistro!
|
MARC
| LEADER | 00000nam a2200000 a 4500 | ||
|---|---|---|---|
| 001 | UCZ1258 | ||
| 003 | CL-VaPUC | ||
| 008 | 950817e19800000SP |||||||||||||||||spa|d | ||
| 082 | 0 | 4 | |a 708.6 |b PER |2 21 |
| 100 | 0 | |a Pérez Sánchez, Alfonso E |e author |9 344760 | |
| 245 | 1 | 0 | |a Museo del Prado |
| 300 | |a 238 p | ||
| 942 | |c BK | ||
| 945 | |d 19950817 00:00:00 |a awong | ||
| 260 | |a Vitoria-Gasteiz |b Océano-Danae |c 1980 | ||
| 600 | 0 | 7 | |a MUSEO DEL PRADO |2 CL-VaPUC |9 319199 |
| 650 | 0 | |a Pintura |9 265046 | |
| 650 | 7 | |a PINTORES EUROPEOS |2 CL-VaPUC |9 340351 | |
| 650 | 0 | |a Museos |9 269209 | |
| 650 | 0 | |a Historia |9 255047 | |
| 650 | 0 | |a Arte |9 265238 | |
| 651 | 0 | |a España |9 254926 | |
| 583 | |a last modification |c 19950817 00:00:00 |k Rodrigo Vera | ||
| 999 | |c 238035 |d 238033 | ||
| 952 | |0 0 |1 0 |4 0 |6 708_600000000000000_PER_1980 |7 0 |8 R |9 247954 |a BIBART |b BIBART |d 2019-11-18 |i 3107523 |l 2 |o 708.6 PER 1980 |p 3107523 |r 2025-03-13 |s 2022-10-19 |w 2019-11-18 |y BK_R |k ART | ||